000 00613nam a2200205 a 4500
999 _c2809
_d2809
001 2809
003 BD-JhCC
005 20171106204928.0
008 171106s19701979bg |||| ||a| 000 0 ben d
035 _a(BD-JhCC)2809
040 _aBD-JhCC
_dBD-JhCC
041 _aben
082 _a297
_bNUR 1970
100 _aনূরুল্লাহ, আবু তাহা মোহাম্মদ
245 _aফেরদাউসের পথে /
_cআবু তাহা মোহাম্মদ নূরুল্লাহ
300 _a81 p. :
_c21 cm.
650 _aIslam
942 _2ddc
_cBK